| 000 | 01423cam a2200265 a 4500 | ||
|---|---|---|---|
| 020 | _a0470170913 (cloth) | ||
| 020 | _a9780470170915 (cloth) | ||
| 082 | 0 | 0 |
_a658.477 _bCHI _cN-02 , P-61 |
| 100 | 1 |
_aChilds, Donna R. _936383 |
|
| 245 | 1 | 0 |
_aPrepare for the worst, plan for the best : _bdisaster preparedness and recovery for small businesses / _cDonna R. Childs. |
| 250 | _a2nd ed. | ||
| 260 |
_aHoboken, N.J. : _bWiley, _cc2008. |
||
| 300 |
_axix, 219 p. ; _c24 cm. |
||
| 500 | _aRev. ed. of: Contingency planning and disaster recovery / Donna R. Childs, Stefan Dietrich. c2002. | ||
| 505 | 0 | _aCrisis and leviathan -- Yes, you should sweat the small stuff! -- Our roadmap -- Preparing your IT strategy -- Ensuring financial liquidity -- Basic safety practices -- Business mail procedures -- Special needs of the disabled and the elderly -- Give some thought to your pets -- Take five -- IT strategy -- Financial liquidity -- IT strategy -- Financial liquidity. | |
| 526 |
_a0 _b0 _c0 _d658_477000000000000_CHI |
||
| 650 | 0 | _aEmergency management. | |
| 650 | 0 |
_aNUST _96342 |
|
| 650 | 0 |
_aSmall business _xPlanning. _936384 |
|
| 700 | 1 |
_aChilds, Donna R. _936383 |
|
| 856 | 4 | 1 | _uhttp://www.loc.gov/catdir/enhancements/fy0827/2007051421-t.html |
| 856 | 4 | 2 | _uhttp://www.loc.gov/catdir/enhancements/fy0827/2007051421-b.html |
| 856 | 4 | 2 | _uhttp://www.loc.gov/catdir/enhancements/fy0827/2007051421-d.html |
| 942 |
_2ddc _cBK |
||
| 999 |
_c541469 _d541469 |
||